Educational psychology : (Record no. 1996)

MARC details
000 -LEADER
fixed length control field 00850pam a2200277 a 4500
001 - CONTROL NUMBER
control field 3805702
003 - CONTROL NUMBER IDENTIFIER
control field OSt
005 - DATE AND TIME OF LATEST TRANSACTION
control field 20150608154446.0
008 - FIXED-LENGTH DATA ELEMENTS--GENERAL INFORMATION
fixed length control field 850822s1986 nyua b 001 0 eng
010 ## - LIBRARY OF CONGRESS CONTROL NUMBER
LC control number 85019920
020 ## - INTERNATIONAL STANDARD BOOK NUMBER
International Standard Book Number 0582285607 (pbk.) :
Terms of availability $26.95
040 ## - CATALOGING SOURCE
Original cataloging agency DLC
Transcribing agency DLC
Modifying agency DLC
050 00 - LIBRARY OF CONGRESS CALL NUMBER
Classification number LB1051
Item number .G593 1986
082 00 - DEWEY DECIMAL CLASSIFICATION NUMBER
Classification number 370.15 GOO 1986
Edition number 19
100 1# - MAIN ENTRY--PERSONAL NAME
Personal name Good, Thomas L.,
Dates associated with a name 1943-
9 (RLIN) 5214
245 10 - TITLE STATEMENT
Title Educational psychology :
Remainder of title a realistic approach /
Statement of responsibility, etc. Thomas L. Good, Jere E. Brophy.
250 ## - EDITION STATEMENT
Edition statement 3rd ed.
260 ## - PUBLICATION, DISTRIBUTION, ETC. (IMPRINT)
Place of publication, distribution, etc. New York :
Name of publisher, distributor, etc. Longman,
Date of publication, distribution, etc. c1986.
300 ## - PHYSICAL DESCRIPTION
Extent xii, 850, 17 p. :
Other physical details ill. ;
Dimensions 24 cm.
500 ## - GENERAL NOTE
General note Includes indexes.
504 ## - BIBLIOGRAPHY, ETC. NOTE
Bibliography, etc Bibliography: p. 801-850.
650 #0 - SUBJECT ADDED ENTRY--TOPICAL TERM
Topical term or geographic name as entry element Educational psychology.
9 (RLIN) 5140
700 1# - ADDED ENTRY--PERSONAL NAME
Personal name Brophy, Jere E.
9 (RLIN) 5215
906 ## - LOCAL DATA ELEMENT F, LDF (RLIN)
a 7
b cbc
c orignew
d 1
e ocip
f 19
g y-gencatlg
942 ## - ADDED ENTRY ELEMENTS (KOHA)
Source of classification or shelving scheme Other/Generic Classification Scheme
Koha item type Short Loan
Holdings
Withdrawn status Lost status Source of classification or shelving scheme Damaged status Not for loan Home library Current library Date acquired Source of acquisition Inventory number Total Checkouts Full call number Barcode Date last seen Price effective from Koha item type
    Other/Generic Classification Scheme     MUST Main Library MUST Main Library 08/06/2015 Purchase 2002/17136   370.15 GOO 1986 2015-1789 08/06/2015 08/06/2015 Short Loan